Экономическая теория: учебник для бакалавров

Detaylı Bibliyografya
Müşterek Yazar: Московский государственный университет экономики, статистики и информатики (МЭСИ)
Diğer Yazarlar: Максимова В. Ф. Валентина Федоровна (редактор)
Özet:Учебник подготовлен в соответствии с программой учебного курса «Экономическая теория». Он рассчитан на формирование компетенций студентов, способствующих пониманию причин и сущности проблем, с которыми им предстоит встречаться в профессиональной и повседневной жизни, а также нахождению путей разрешения этих проблем и оптимальных способов поведения в мире экономики. Структура учебника содержит разделы, раскрывающие эволюцию экономической мысли, микроэкономику, макроэкономику и теоретические основы внешней торговли. Изменения, происходящие в обществе и экономике под воздействием глобализации и распространения ИКТ, обусловили включение материалов, посвященных экономике знаний, рынку информации и знаний. Перед каждой главой дается перечень знаний, умений и навыков, которые формируются в процессе изучения главы. После каждой темы приводятся задания трех типов, включающие проблемные ситуации, вопросы и задачи. Соответствует Федеральному государственному образовательному стандарту высшего профессионального образования третьего поколения.Для бакалавров, обучающихся по направлению «Экономика».
Dil:Rusça
Baskı/Yayın Bilgisi: Москва, Юрайт, 2016
Seri Bilgileri:Бакалавр. Углубленный курс
Konular:
Materyal Türü: Kitap
KOHA link:https://koha.lib.tpu.ru/cgi-bin/koha/opac-detail.pl?biblionumber=301258

MARC

LEADER 00000nam0a2200000 4500
001 301258
005 20231102001401.0
010 |a 9785991630986 
035 |a (RuTPU)RU\TPU\book\326430 
090 |a 301258 
100 |a 20150728d2016 m y0rusy50 ca 
101 0 |a rus 
102 |a RU 
105 |a a j 001zy 
200 1 |a Экономическая теория  |e учебник для бакалавров  |f Московский государственный университет экономики, статистики и информатики (МЭСИ) ; под ред. В. Ф. Максимовой 
210 |a Москва  |c Юрайт  |d 2016 
215 |a 580 с.  |c ил. 
225 1 |a Бакалавр. Углубленный курс 
320 |a Библиогр.: с. 579-580. 
330 |a Учебник подготовлен в соответствии с программой учебного курса «Экономическая теория». Он рассчитан на формирование компетенций студентов, способствующих пониманию причин и сущности проблем, с которыми им предстоит встречаться в профессиональной и повседневной жизни, а также нахождению путей разрешения этих проблем и оптимальных способов поведения в мире экономики. Структура учебника содержит разделы, раскрывающие эволюцию экономической мысли, микроэкономику, макроэкономику и теоретические основы внешней торговли. Изменения, происходящие в обществе и экономике под воздействием глобализации и распространения ИКТ, обусловили включение материалов, посвященных экономике знаний, рынку информации и знаний. Перед каждой главой дается перечень знаний, умений и навыков, которые формируются в процессе изучения главы. После каждой темы приводятся задания трех типов, включающие проблемные ситуации, вопросы и задачи. Соответствует Федеральному государственному образовательному стандарту высшего профессионального образования третьего поколения.Для бакалавров, обучающихся по направлению «Экономика». 
606 1 |a Экономическая теория  |2 stltpush  |3 (RuTPU)RU\TPU\subj\26589  |9 50481 
610 1 |a теоретическая экономика 
610 1 |a базовые понятия 
610 1 |a экономическая система 
610 1 |a спрос 
610 1 |a предложение 
610 1 |a эластичность 
610 1 |a микроэкономика 
610 1 |a потребительское поведение 
610 1 |a полезность 
610 1 |a фирмы 
610 1 |a производство 
610 1 |a издержки 
610 1 |a совершенная конкуренция 
610 1 |a несовершенная конкуренция 
610 1 |a монополия 
610 1 |a монополистическая конкуренция 
610 1 |a олигополия 
610 1 |a факторные рынки 
610 1 |a рынок труда 
610 1 |a рынок капитала 
610 1 |a рынок земли 
610 1 |a рынок знаний 
610 1 |a доходы 
610 1 |a распределение 
610 1 |a несостоятельность 
610 1 |a общественные блага 
610 1 |a макроэкономика 
610 1 |a макроэкономические показатели 
610 1 |a макроэкономическая нестабильность 
610 1 |a макроэкономическое равновесие 
610 1 |a государственное регулирование 
610 1 |a денежный рынок 
610 1 |a денежно-кредитная политика 
610 1 |a макроэкономическое равновесие 
610 1 |a макроэкономические модели 
610 1 |a экономический рост 
610 1 |a международная торговля 
610 1 |a внешняя торговля 
610 1 |a внешнеторговая политика 
610 1 |a учебники 
686 |a У011я73  |v LBC/SL-A  |2 rubbk 
702 1 |a Максимова  |b В. Ф.  |g Валентина Федоровна  |4 340 
712 0 2 |a Московский государственный университет экономики, статистики и информатики (МЭСИ)  |c (1996- )  |2 stltpush  |3 (RuTPU)RU\TPU\col\9704 
801 1 |a RU  |b 63413507  |c 20150728 
801 2 |a RU  |b 63413507  |c 20151002  |g RCR 
900 |a Экономическая теория 
942 |c BK 
951 |l 8.1 
959 |a 80/20150602  |d 5  |e 819,00  |f ЧЗГЛ:1  |f УФ:2